000 00340pab a2200145 454500
008 180718b2003 xxu||||| |||| 00| 0 eng d
100 _aYadav, Vivek
245 _aConstitution review and election commission
260 _c2003
300 _ap.16-18.
362 _a18 Oct
650 _aElections
773 _aMainstream
909 _a58276
999 _c58276
_d58276